000
00329nam a22001457a 4500
008
221202b ||||| |||| 00| 0 eng d
020
_a
9780205765621
041
_a
eng
080
_2
THIRD EDITION
_a
61
082
_a
61 VEA
100
_a
2
101
_a
MJEK
245
_a
THE BASIC OF BIOETHICS
_c
VEATCH M R
942
_2
udc
_c
BK
999
_c
59077
_d
59077